Statystyki dla Rozpoznaj Markę Samochodu po Logo

Kliknij tutaj aby rozwiązać quiz!

Ogólne statystyki

  • Ten quiz został rozwiązany 3 701 razy
  • Średni wynik to 24 z 32

Statystyki odpowiedzi

Odpowiedź% Poprawnych
Audi
98%
Mercedes-Benz
97%
Škoda
97%
Opel
96%
Toyota
93%
BMW
92%
SEAT
91%
Mazda
90%
Volkswagen
90%
Jaguar
87%
Renault
87%
Citroën
86%
Ferrari
84%
Tesla
84%
Hyundai
83%
Peugeot
83%
Lexus
82%
Mitsubishi
82%
Suzuki
80%
Lamborghini
79%
Alfa Romeo
76%
Bentley
74%
Chevrolet
74%
Subaru
73%
Volvo
72%
Rolls-Royce
62%
Dodge
53%
Maserati
52%
Infiniti
50%
Acura
28%
Daewoo
26%
Chrysler
11%

Rozkład punktacji

Percentyl według liczby udzielonych odpowiedzi

Procent ludzi z każdym wynikiem

Twoja historia wyników

Nie rozwiązałeś tego quizu